000 00975nam a2200301Ia 4500
001 Para_6810
003 CHAP
008 220125s1957 xx 000 0 und d
010 _a205606
040 _cCHAP
090 _aPA FOLLETO 738
100 _aOrtega C. Alejandro
_983770
245 _aLa araña roja del maíz (paratetranychus stickneyi McG) :
_b un estudio de su biología y combate en Jaloxtoc, Morelos /
_c Alejandro Ortega C., G. Mallory Boush y Douglas Barnes
260 _aMéxico :
_b SAG. Fundación Rockefeller, 1957
300 _a28 p.
440 _aFolleto técnico; 21
_9171667
650 _aArañas
_x Jaloxtoc, Mor.
_9171668
650 _aOligonychus mexicanus
_983016
700 _aBarnes, Douglas
_910246
700 _aBoush, G. Mallory
_9171669
901 _aPA FOLLETO 738
902 _aA
905 _a0000001957 0000000000 00
910 _a1957
942 _cPARA
942 _cPARA
_d1
999 _c205606
_d205606